000 00381nam a22001577a 4500
003 macl
005 20170107140430.0
008 170107b xxu||||| |||| 00| 0 eng d
040 _cmacl
082 _a300
100 _aNCERT
_94590
245 _aSocial and political life -lll
_bclass Vlll
260 _aDelhi
_bNCERT
_c2008
650 _asocial science
_966431
942 _2ddc
_cBK
999 _c55755
_d55755